00667nam a2200157 a 450000100100000000500170001000800410002704000250006810000310009324501520012426000590027630000210033570000300035695201060038699900170049200003710520200930080138.0120214s1964 ag 000 0 spa d aDO-SdBNPbspacBNPHU1 aFrancisco, Clyde T.96351310aIntroducción al antiguo testamento :bbasada en el Syllabus de Juan R. Sampey /cClyde T. Francisco ; versión castellana por Juan Juan Lacué. aBuenos Aires :bCasa Bautista de Publicaciones,c1964. a347 p. ;c22 cm.1 aLacué, Juan Juan963514 0010507-18MOaGRbGRcOId2012-02-14iLF1l0o p37105-10r2020-06-25w2020-06-25y1ZNo se presta c36595d36595